SPSS Tables 7.5
Αποθηκεύτηκε σε:
| Συγγραφή απο Οργανισμό/Αρχή: | |
|---|---|
| Μορφή: | Βιβλίο |
| Γλώσσα: | English |
| Δημοσίευση: |
Chicago, Ill. :
SPSS Inc.,
c1997
|
| Θέματα: | |
| Ετικέτες: |
Προσθήκη ετικέτας
Δεν υπάρχουν, Καταχωρήστε ετικέτα πρώτοι!
|
MARC
| LEADER | 00000cam a2200000 i 4500 | ||
|---|---|---|---|
| 001 | 1/55084 | ||
| 008 | 070918s1997 eng d | ||
| 020 | |a 1-56827-123-9 | ||
| 035 | |l 10090764 | ||
| 040 | |a GR-MY-UA |b gre |e aacr | ||
| 041 | 0 | |a eng | |
| 082 | 0 | |a 005.55 |2 (22) | |
| 110 | 2 | |a SPSS Inc. | |
| 245 | 1 | 0 | |a SPSS Tables 7.5 / |c SPSS Inc. |
| 260 | |a Chicago, Ill. : |b SPSS Inc., |c c1997 | ||
| 300 | |a xi, 232 σ.; |b πίν.; |c 23 εκ. | ||
| 504 | |a Περιλαμβάνει ευρετήριο | ||
| 630 | 0 | 0 | |a SPSS (Computer file) |
| 650 | 0 | 0 | |a Social sciences |x Statistical methods |x Computer programs. |
| 852 | |a INST |b CHIOS |e 20070918 |h 005.55 SPS |p 005200028885 |q 005200028885 |t BK |y 0 | ||
| 901 | |a BIBL2-2007-3 | ||
| 909 | |a Χ |b 131213 | ||
| 970 | |a ΒΑΡΦΗΣ |b ΒΑΓΓΕΛΗΣ |z 2007/09/18 | ||